Wiener Synagogen /

Saved in:
Bibliographic Details
Main Author: Genée, Pierre.
Format: Book
Language:German
Published: [Wien] : Löcker, c2014.
Edition:[2. Aufl.].
Subjects:
Tags: Add Tag
No Tags, Be the first to tag this record!
LEADER 00989cam a2200313Ia 4500
001 014161237-1
005 20141015164334.0
008 140829s2014 au ae b 001 0 ger d
016 7 |a 1033981834  |2 GyFmDB 
020 |a 9783854096856 (hd.bd.)  |z 9783854097006 (hd.bd.) 
020 |a 3854096852 (hd.bd.) 
035 0 |a ocn889706107 
040 |a OHX  |b eng  |c OHX  |d CNCCA  |d JPG 
050 4 |a NA4690  |b .G46x 2014 
072 7 |a NA  |2 lcco 
100 1 |a Genée, Pierre. 
245 1 0 |a Wiener Synagogen /  |c Pierre Genée. 
250 |a [2. Aufl.]. 
260 |a [Wien] :  |b Löcker,  |c c2014. 
300 |a 140 p. :  |b ill. (some col.), plans ;  |c 29 cm. 
500 |a Considerably revised new edition. 
500 |a First Edition was published in 1987. 
504 |a Includes bibliographical references and index. 
650 0 |a Synagogues  |z Austria  |z Vienna. 
650 0 |a Jews  |z Austria  |z Vienna  |x History. 
651 0 |a Vienna (Austria)  |x Ethnic relations. 
988 |a 20140913 
049 |a HFLA 
906 |0 OCLC